000 00889nam a2200301Ia 4500
001 Para_1679
003 CHAP
008 220125s1992 xx 000 0 und d
010 _a200297
040 _cCHAP
082 _aPA 631.522 J6
100 _aJohnson, R.
_961863
245 _aBreeding for disearse resistance /
_c by R. Johnson and G.J. Jellis
260 _aDardrecht, The Netherlands :
_b Kluwer
300 _a205 p.
440 _aDevelopments in plant pathology; 1
_9165172
650 _aPlantas
_x mejoramiento
_988849
650 _aPlantas
_x resistencia a enfermedades
_988882
650 _aPlantas
_x resistencia a plagas
_988885
700 _aJellis, G.J.
_961298
901 _aPA 631.522 J6
902 _aA
905 _a0000001992 aib 0000000000 00
910 _a1992
942 _cPARA
942 _cPARA
_d1
999 _c200297
_d200297